神奈川県の消滅した駅名 - Statistics

General Stats
  • This quiz has been taken 80 times
  • The average score is 21 of 193
Answer Stats
% Correct
仲木戸
64%
花月園前
60%
高島
58%
桜木町
55%
新逗子
55%
高島町
49%
横浜
49%
西寒川
43%
産業道路
42%
相模
39%
厚木
36%
神奈川
36%
京浜川崎
34%
鶴巻
33%
京浜鶴見
31%
綱島温泉
31%
平沼
31%
大根
30%
大秦野
30%
野比
30%
京浜新子安
27%
京浜久里浜
24%
京浜富岡
24%
西生田
24%
京浜逗子
22%
京浜田浦
22%
東生田
22%
稲田登戸
21%
相模原
21%
逗子海岸
21%
ドリームランド
21%
六会
21%
大塚本町
19%
京急安浦
19%
新横浜北
19%
中央林間都市
19%
秦野
19%
程ヶ谷
19%
溝ノ口
19%
南林間都市
19%
新子安
18%
東林間都市
18%
工業都市
16%
相模厚木
16%
二宮
16%
稲田多摩川
15%
大船
15%
小田原
15%
京浜大津
15%
京浜長沢
15%
士官学校前
15%
河原口
13%
京浜安浦
13%
相模国分
13%
座間
13%
湘南逗子
13%
通信学校
13%
浜安善
13%
鶴巻温泉
12%
二俣下川
12%
向ヶ丘遊園
12%
海老名国分
10%
キリン
10%
京浜神奈川
10%
湘南田浦
10%
新座間
10%
新長後
10%
常盤園下
10%
二子新地前
10%
二ツ橋
10%
久地梅林
9%
グラウンド前
9%
久里浜
9%
湘南大津
9%
湘南久里浜
9%
湘南富岡
9%
総持寺
9%
日本ヒューム管前
9%
根府川
9%
早川
9%
真鶴
9%
安善通
7%
北程ヶ谷
7%
軍需部前
7%
座間遊園
7%
新川島
7%
石油
7%
日本電気前
7%
太尾
7%
古河電線
7%
横須賀軍港
7%
横須賀汐留
7%
六郷橋
7%
海水浴前
6%
柏ヶ谷
6%
工業学校前
6%
四之宮
6%
宿河原不動
6%
昭南
6%
中新田
6%
鳴神
6%
西方
6%
西大和
6%
星川
6%
本山
6%
向ヶ丘遊園正門
6%
武蔵小杉
6%
六浦荘
6%
谷津坂
6%
行合
6%
横須賀公郷
6%
横須賀堀内
6%
渡田
6%
円蔵
4%
大竹
4%
香川台
4%
上今泉
4%
キリンビール前
4%
相模町
4%
作ノ口
4%
四之宮口
4%
下井ノ口
4%
湘南井田
4%
湘南逗子沼間口
4%
湘南逗子葉山口
4%
日坂
4%
日東
4%
登戸多摩川
4%
本座間
4%
武蔵中丸子
4%
与瀬
4%
味の素前
3%
安善橋
3%
一色
3%
追分
3%
上井ノ口
3%
コロムビア前
3%
相模広小路
3%
新太田町
3%
中里
3%
本上溝
3%
妙蓮寺前
3%
向河原
3%
谷戸
3%
若尾
3%
石橋
1%
江ノ浦
1%
上磯部
1%
上溝
1%
川袋
1%
米神
1%
相模金谷
1%
新小田原
1%
新浜川崎
1%
末広
1%
スカイロード前
1%
大駐車場
1%
台町
1%
高島口
1%
二ノ平
1%
不動前
1%
本横浜
1%
山下公園
1%
遊園地
1%
吉浜
1%
読売ランド
1%
岩村
0%
大河原
0%
大丁場
0%
上強羅
0%
仮小田原
0%
駒ヶ岳頂上
0%
駒ヶ岳登り口
0%
相模横山
0%
桜木町ゲート
0%
座間新戸
0%
座間町
0%
シーサイドパーク
0%
下社
0%
昭和産業
0%
スキー場前
0%
早雲館
0%
駐車場
0%
長坂
0%
中新田口
0%
日本丸
0%
博覧会場前
0%
美術館
0%
フェスティバル広場
0%
不動尊
0%
丸子競馬場
0%
湯ケ原
0%
陸士前
0%
No matching quizzes found
Score Distribution
Percent of People with Each Score
Percentile by Number Answered
Your Score History
You have not taken this quiz